MARC details
| 000 -CABECERA |
| campo de control de longitud fija |
01637nam a2200229 a 4500 |
| 001 - NÚMERO DE CONTROL |
| campo de control |
000016259 |
| 005 - FECHA Y HORA DE LA ÚLTIMA TRANSACCIÓN |
| campo de control |
20200929164336.0 |
| 008 - DATOS DE LONGITUD FIJA--INFORMACIÓN GENERAL |
| campo de control de longitud fija |
100302s2008 ve abc 000 0 spa d |
| 020 ## - NÚMERO INTERNACIONAL ESTÁNDAR DEL LIBRO |
| Número Internacional Estándar del Libro |
9789803192471 |
| 040 ## - FUENTE DE LA CATALOGACIÓN |
| Centro catalogador/agencia de origen |
DO-SdBNP |
| Lengua de catalogación |
spa |
| Centro/agencia transcriptor |
BNPHU |
| 082 ## - NÚMERO DE LA CLASIFICACIÓN DECIMAL DEWEY |
| Número de clasificación |
027.587 |
| Número de documento/Ítem |
H658h |
| 049 ## - FONDOS LOCALES (OCLC) |
| Fondos de biblioteca |
BNPD |
| 100 1# - ENTRADA PRINCIPAL--NOMBRE DE PERSONA |
| Nombre de persona |
Himiob, Santos, |
| Fechas asociadas al nombre |
1960- |
| 9 (RLIN) |
36321 |
| 245 10 - MENCIÓN DE TÍTULO |
| Título |
Historia de la Biblioteca Nacional de Venezuela / |
| Mención de responsabilidad, etc. |
Santos Himiob ; prólogo Fernando Báez. |
| 260 ## - PUBLICACIÓN, DISTRIBUCIÓN, ETC. |
| Lugar de publicación, distribución, etc. |
Caracas, Venezuela : |
| Nombre del editor, distribuidor, etc. |
Instituto Autónomo Biblioteca Nacional y de Servicios de Bibliotecas, |
| Fecha de publicación, distribución, etc. |
2008. |
| 300 ## - DESCRIPCIÓN FÍSICA |
| Extensión |
196 p. : |
| Otras características físicas |
il., maps., retrs. ; |
| Dimensiones |
28 cm. |
| 504 ## - NOTA DE BIBLIOGRAFÍA, ETC. |
| Nota de bibliografía, etc. |
Incluye referencias bibliográficas y notas al pie de las páginas. |
| 504 ## - NOTA DE BIBLIOGRAFÍA, ETC. |
| Nota de bibliografía, etc. |
Incluye bibliografías (p. 152-158) |
| 505 2# - NOTA DE CONTENIDO CON FORMATO |
| Nota de contenido con formato |
Prólogo / Fernando Baéz -- Introducción -- La colonización : Inicios de la dominación cultural -- Etapas siglos XV-XVIII (1498-1799) -- Proceso de emancipación venezolana -- Etapa 1800-1830: Propuesta de una biblioteca pública para Caracas -- La biblioteca nacional: Desde su establecimiento hasta la creación de un instituto autónomo -- Etapa 1830-1899: Creación, formación y concreción -- Etapa 1900-1974: Modernización y nuevos espacios -- Etapa 1974-1999: Instituto autónomo vs. crisis económicas -- Etapa 2001-2008: Camino hacia el socialismo del siglo XXI -- A manera de reflexión -- Colecciones y servicios de la biblioteca nacional -- Biblioteca nacional en cifras: Programa de servicios de atención al público -- Bibliografía-- Apéndice. |
| 650 #4 - PUNTO DE ACCESO ADICIONAL DE MATERIA--TÉRMINO DE MATERIA |
| Término de materia o nombre geográfico como elemento de entrada |
Bibliotecas nacionales |
| Subdivisión geográfica |
Venezuela |
| Subdivisión general |
Historia |
| 9 (RLIN) |
36322 |
| 700 1# - PUNTO DE ACCESO ADICIONAL--NOMBRE DE PERSONA |
| Nombre de persona |
Báez, Fernando, |
| Término indicativo de función/relación |
pról. |
| 9 (RLIN) |
36307 |